Sports Quiz

Random Sports or MLB Quiz

MLB Hit Leaders (1990s) Quiz Stats

Quiz Updated Sep 14, 2014

Challenge
Share
Tweet
Embed
Score 0/150 Timer 13:00
8 Plays Today
Player % Correct
Chipper Jones
87.9%
Ken Griffey
84.5%
Cal Ripken
84.1%
Barry Bonds
83.9%
Derek Jeter
83.4%
Bernie Williams
82.2%
Matt Williams
82.1%
Matt Williams
82.1%
Frank Thomas
81.5%
Craig Biggio
81.2%
Luis Gonzalez
80.9%
Luis Gonzalez
80.8%
Juan Gonzalez
80.8%
Jeff Bagwell
80.3%
Tony Gwynn
79.2%
Alex Rodriguez
78.9%
Ivan Rodriguez
78.8%
Larry Walker
77.5%
Larry Walker
77.5%
Mark McGwire
77.5%
Edgar Martinez
76.7%
Kirby Puckett
76.6%
Dave Martinez
76.4%
Sammy Sosa
76%
Garret Anderson
73.8%
Brady Anderson
73.8%
Manny Ramirez
73.1%
Barry Larkin
71.8%
Ozzie Smith
70.4%
Mike Piazza
69.5%
Joe Carter
69%
Jay Bell
68.8%
Jay Bell
68.8%
Derek Bell
68.8%
Wade Boggs
67.8%
Wade Boggs
67.8%
Albert Belle
67.7%
Lance Johnson
66.6%
Roberto Alomar
66%
Al Martin
65.9%
Mo Vaughn
64.6%
Greg Vaughn
64.5%
Ryne Sandberg
63.5%
Dante Bichette
63%
Nomar Garciaparra
62.1%
Tim Salmon
61.6%
Rickey Henderson
61.5%
Fred McGriff
60.8%
Fred McGriff
60.8%
George Brett
60.3%
Player % Correct
Mark Grace
59.9%
Andres Galarraga
59.6%
Gary Sheffield
59.1%
Jay Buhner
58.7%
Cecil Fielder
57.8%
Paul O'Neill
56.1%
Rafael Palmeiro
56.1%
Rafael Palmeiro
56.1%
Kenny Lofton
55.5%
Bobby Bonilla
54.2%
David Justice
53.7%
Chili Davis
52.9%
Jeff Kent
52.4%
Vinny Castilla
51.3%
Will Clark
49.1%
Will Clark
49.1%
Jim Edmonds
48.3%
Lenny Dykstra
45.3%
Devon White
45.1%
Rondell White
45%
John Olerud
44.9%
John Olerud
44.9%
Travis Lee
44.7%
Don Mattingly
44%
Dan Wilson
43.3%
Moises Alou
43%
Eric Young
41.1%
John Kruk
40.8%
Chuck Knoblauch
39.5%
Eric Karros
39.2%
Ken Caminiti
39.2%
Ken Caminiti
39.2%
Robin Ventura
38.1%
Jeff Conine
37.7%
Omar Vizquel
37.3%
Jason Giambi
37%
Darren Daulton
37%
Lou Whitaker
36.1%
Carlos Baerga
35.4%
Andy Van Slyke
35.1%
Johnny Damon
33.9%
Chris Sabo
31.7%
Steve Finley
31.2%
Bret Boone
30.9%
Marquis Grissom
30.2%
Ray Lankford
28.7%
Raul Mondesi
28.4%
Reggie Sanders
27.7%
Jeff Blauser
27%
Travis Fryman
27%
Player % Correct
Ozzie Guillen
26.9%
Mike Greenwell
26.4%
Edgar Renteria
26.3%
Willie McGee
23.8%
Mark Lemke
23.4%
Terry Steinbach
21.3%
John Valentin
21.3%
Robby Thompson
20.5%
Todd Hundley
19.7%
Brett Butler
19.6%
Shawon Dunston
19.3%
Hal Morris
18.9%
Ray Durham
18.8%
Brian Jordan
18.6%
Bip Roberts
18.6%
Wally Joyner
18%
Wally Joyner
18%
Edgardo Alfonzo
18%
Bobby Higginson
17.4%
Jeff King
17.3%
B.J. Surhoff
17.1%
Tony Phillips
16.7%
Todd Zeile
16.4%
Mickey Morandini
15.1%
Rey Sanchez
13.8%
Brian McRae
13.5%
Rusty Greer
12.8%
Gregg Jefferies
12.5%
Chris Hoiles
11.6%
Darryl Hamilton
10.6%
Troy O'Leary
10.1%
Ed Sprague
9.4%
Jeff Cirillo
9.2%
Jose Offerman
8.4%
Mike Bordick
7.6%
Gary Disarcina
7.6%
Marty Cordova
7%
Shane Mack
6.5%
Tom Pagnozzi
6%
Mike Macfarlane
5.8%
Mike Lansing
5.5%
Dave Nilsson
5.1%
Mike Devereaux
4.7%
Orlando Merced
4.5%
Quinton McCracken
3.1%
Andy Fox
3%
Pat Meares
2.8%
Miguel Cairo
2.4%
Greg Colbrunn
2%
Kurt Abbott
1.9%

You're not logged in!

Compare scores with friends on all Sporcle quizzes.
Sign Up with Email
OR
Log In

You Might Also Like...

Show Comments

Extras

Top Quizzes Today


Score Distribution

Your Account Isn't Verified!

In order to create a playlist on Sporcle, you need to verify the email address you used during registration. Go to your Sporcle Settings to finish the process.